| 000 | 02565nam a22002777a 4500 | ||
|---|---|---|---|
| 005 | 20140925142811.0 | ||
| 008 | 140819s1911 fr ||||fr|||| 001 0 fre d | ||
| 040 |
_cSandra Yazo _dSandra Yazo |
||
| 041 | 1 | _afre | |
| 082 | 0 | 4 |
_220 _a346.016 |
| 092 | _aE32N020 | ||
| 100 | 1 |
_aBuzzati, G. C. _d1862-1920 _963873 _q(Giulio Cesare) |
|
| 242 | 0 | 0 |
_aEl Derecho Internacional Privado según las Convenciones de la Haya _bI. El Matrimonio: según la Convención del 12 de junio de 1902. _cG. C. Buzzati ; Traducción al francés, a partir del texto italiano por Francis Rey; revisada y corregida por el mismo autor. _yspa |
| 245 | 1 | 0 |
_aLe Droit International Privé d’après les Conventions de La Haye. _bI. Le mariage: d’après la Convention du 12 juin 1902. _cG. C. Buzzati ; Traduction française du texte italien révisé et corrigé par l’auteur par Francis Rey |
| 260 |
_aParís (Francia) _bLibrairie de la soci}eté du Recueil Siley [Librería de la Compañía de Recopilaciones Sirey Imprenta de Carlos Colin] _c1911 |
||
| 300 |
_aviii, 507 páginas _c22 x 14 cm. |
||
| 500 | _aDetalles físicos: Encuadernación rígida (holandesa) en cartón duro forrado en papel. Lomo en cuero con nervaduras sobre costuras. Adornos en dorado y repujados. Guardas en papel impreso, imitando papel de agua. Hoja de cortesía. Anteportada. Portada impresa en una sola tinta, con diferentes tipos de letra. Texto impreso en una sola columna, sobre papel semisatinado. Notas al pie de página. Ejemplar en buen estado. Cortes decorados. | ||
| 505 | 0 | _aV.1: Introducción ; El matrimonio, según la Convención de La Haya (12 de junio de 1902): La capacidad matrimonial ; El orden público del lugar donde se celebra el matrimonio ; Las pruebas de la capacidad para contraer ; Forma del matrimonio ; El matrimonio diplomático y Consular ; Ámbito de las leyes que regulan la aplicación de la Convención ; Apéndices: Convención de La Haya del 12 de junio de 1902 ; Convenciones de La Haya sobre el procedimiento civil ; Leyes y decretos suecos, relacionados con la Convención de La Haya del 12 de junio de 1902 ; Proyecto de ley austríaco y Pacto austro-húngaro para la aplicación de las Convenciones de La Haya de 1902 ; Convenciones de La Haya, del 17 de julio de 1905. | |
| 506 | _aConsulta en sala | ||
| 546 | _aTexto en francés | ||
| 650 | 7 |
_948611 _aMatrimonio (Derecho) |
|
| 650 | 7 |
_aDerecho internacional _912776 |
|
| 690 |
_942772 _aDerecho internacional |
||
| 700 | 1 |
_aRey, Francis _etraductor _963874 |
|
| 942 |
_cLIBRO _e1 _2LOCAL _hE32N020 |
||
| 999 |
_c296643 _d296643 |
||